Guide to windows 95/NT 4 programming with MFC (Record no. 41717)

MARC details
000 -LEADER
fixed length control field 00341nam a2200121Ia 4500
082 ## - DEWEY DECIMAL CLASSIFICATION NUMBER
Classification number 681.31WIN
Item number NOR
100 ## - MAIN ENTRY--AUTHOR NAME
Personal name McGregor Robert W, Peter
245 #0 - TITLE STATEMENT
Title Guide to windows 95/NT 4 programming with MFC
260 ## - PUBLICATION, DISTRIBUTION, ETC. (IMPRINT)
Place of publication New Delhi
Name of publisher Prentice-Hall of India
Year of publication 1999
700 ## - ADDED ENTRY--PERSONAL NAME
Personal name Norton
942 ## - ADDED ENTRY ELEMENTS (KOHA)
Koha item type Books
Holdings
Withdrawn status Lost status Damaged status Not for loan Home library Current library Date acquired Cost, normal purchase price Full call number Accession Number Koha item type
        RRII Library RRII Library 16/12/2021 525.00 681.31WIN NOR 22003 Books